|
|
|
|
| LEADER |
03882nam a22005895i 4500 |
| 001 |
978-3-540-73066-8 |
| 003 |
DE-He213 |
| 005 |
20151204180452.0 |
| 007 |
cr nn 008mamaa |
| 008 |
100301s2007 gw | s |||| 0|eng d |
| 020 |
|
|
|a 9783540730668
|9 978-3-540-73066-8
|
| 024 |
7 |
|
|a 10.1007/978-3-540-73066-8
|2 doi
|
| 040 |
|
|
|d GrThAP
|
| 050 |
|
4 |
|a QA76.758
|
| 072 |
|
7 |
|a UMZ
|2 bicssc
|
| 072 |
|
7 |
|a COM051230
|2 bisacsh
|
| 082 |
0 |
4 |
|a 005.1
|2 23
|
| 245 |
1 |
0 |
|a Testing of Software and Communicating Systems
|h [electronic resource] :
|b 19th IFIP TC6/WG6.1 International Conference, TestCom 2007, 7th International Workshop, FATES 2007, Tallinn, Estonia, June 26-29, 2007. Proceedings /
|c edited by Alexandre Petrenko, Margus Veanes, Jan Tretmans, Wolfgang Grieskamp.
|
| 264 |
|
1 |
|a Berlin, Heidelberg :
|b Springer Berlin Heidelberg,
|c 2007.
|
| 300 |
|
|
|a XII, 379 p.
|b online resource.
|
| 336 |
|
|
|a text
|b txt
|2 rdacontent
|
| 337 |
|
|
|a computer
|b c
|2 rdamedia
|
| 338 |
|
|
|a online resource
|b cr
|2 rdacarrier
|
| 347 |
|
|
|a text file
|b PDF
|2 rda
|
| 490 |
1 |
|
|a Lecture Notes in Computer Science,
|x 0302-9743 ;
|v 4581
|
| 505 |
0 |
|
|a Implementing Conformiq Qtronic -- New Approach for EFSM-Based Passive Testing of Web Services -- Automation of Avionic Systems Testing -- Automatic Test Generation from Interprocedural Specifications -- A New Method for Interoperability Test Generation -- Component Testing Is Not Enough - A Study of Software Faults in Telecom Middleware -- Symbolic Model Based Testing for Component Oriented Systems -- A Compositional Testing Framework Driven by Partial Specifications -- Nodes Self-similarity to Test Wireless Ad Hoc Routing Protocols -- Testing and Model-Checking Techniques for Diagnosis -- Model-Based Testing of Service Infrastructure Components -- Testing Input/Output Partial Order Automata -- A Framework for Testing AIS Implementations -- An Object-Oriented Framework for Improving Software Reuse on Automated Testing of Mobile Phones -- Model Based Testing of an Embedded Session and Transport Protocol -- Utilising Code Smells to Detect Quality Problems in TTCN-3 Test Suites -- A Bounded Incremental Test Generation Algorithm for Finite State Machines -- Experimental Testing of TCP/IP/Ethernet Communication for Automatic Control -- Towards Systematic Signature Testing -- TPLan-A Notation for Expressing Test Purposes -- Testing Nondeterministic Finite State Machines with Respect to the Separability Relation -- Learning and Integration of Parameterized Components Through Testing -- An EFSM-Based Passive Fault Detection Approach -- Test Data Variance as a Test Quality Measure: Exemplified for TTCN-3 -- Model-Based Testing of Optimizing Compilers.
|
| 650 |
|
0 |
|a Computer science.
|
| 650 |
|
0 |
|a Computer communication systems.
|
| 650 |
|
0 |
|a Software engineering.
|
| 650 |
|
0 |
|a Programming languages (Electronic computers).
|
| 650 |
|
0 |
|a Computer logic.
|
| 650 |
|
0 |
|a Management information systems.
|
| 650 |
|
0 |
|a Electrical engineering.
|
| 650 |
1 |
4 |
|a Computer Science.
|
| 650 |
2 |
4 |
|a Software Engineering.
|
| 650 |
2 |
4 |
|a Computer Communication Networks.
|
| 650 |
2 |
4 |
|a Programming Languages, Compilers, Interpreters.
|
| 650 |
2 |
4 |
|a Logics and Meanings of Programs.
|
| 650 |
2 |
4 |
|a Management of Computing and Information Systems.
|
| 650 |
2 |
4 |
|a Communications Engineering, Networks.
|
| 700 |
1 |
|
|a Petrenko, Alexandre.
|e editor.
|
| 700 |
1 |
|
|a Veanes, Margus.
|e editor.
|
| 700 |
1 |
|
|a Tretmans, Jan.
|e editor.
|
| 700 |
1 |
|
|a Grieskamp, Wolfgang.
|e editor.
|
| 710 |
2 |
|
|a SpringerLink (Online service)
|
| 773 |
0 |
|
|t Springer eBooks
|
| 776 |
0 |
8 |
|i Printed edition:
|z 9783540730651
|
| 830 |
|
0 |
|a Lecture Notes in Computer Science,
|x 0302-9743 ;
|v 4581
|
| 856 |
4 |
0 |
|u http://dx.doi.org/10.1007/978-3-540-73066-8
|z Full Text via HEAL-Link
|
| 912 |
|
|
|a ZDB-2-SCS
|
| 912 |
|
|
|a ZDB-2-LNC
|
| 950 |
|
|
|a Computer Science (Springer-11645)
|